Microfinance in India: a state of the sector report, 2009 (Record no. 910)

MARC details
000 -LEADER
fixed length control field 00465 a2200169 4500
001 - CONTROL NUMBER
control field 066917
003 - CONTROL NUMBER IDENTIFIER
control field OSt
005 - DATE AND TIME OF LATEST TRANSACTION
control field 20211022094934.0
008 - FIXED-LENGTH DATA ELEMENTS--GENERAL INFORMATION
fixed length control field
082 ## - DEWEY DECIMAL CLASSIFICATION NUMBER
Classification number 332
Item number S34M
100 1# - MAIN ENTRY--PERSONAL NAME
Personal name Srinivasan, N.
245 1# - TITLE STATEMENT
Title Microfinance in India: a state of the sector report, 2009
Statement of responsibility, etc by N. Srinivasan
260 ## - PUBLICATION, DISTRIBUTION, ETC. (IMPRINT)
Place of publication, distribution, etc London
Name of publisher, distributor, etc Sage Publication
Date of publication, distribution, etc 2009
300 ## - PHYSICAL DESCRIPTION
Extent 160p.
690 ## - LOCAL SUBJECT ADDED ENTRY--TOPICAL TERM (OCLC, RLIN)
Topical term or geographic name as entry element Microfinance; Rural Development; India
942 ## - ADDED ENTRY ELEMENTS (KOHA)
Source of classification or shelving scheme Dewey Decimal Classification
Koha item type Books
Holdings
Withdrawn status Lost status Source of classification or shelving scheme Damaged status Not for loan Collection code Home library Current library Date acquired Source of acquisition Cost, normal purchase price Full call number Barcode Date last seen Price effective from Koha item type
    Dewey Decimal Classification     General Text Book Central University Of Rajasthan Central University Of Rajasthan 07/03/2012 ECO 695.00 332 S34M 1203 21/11/2024 02/09/2020 Books